000 00620nam a2200205 4500
005 20240910110558.0
008 240910b |||||||| |||| 00| 0 eng d
020 _aX
_c[n.p.]
040 _aMAIN
082 _a615.19
_bK527Q
100 _aKhanuja, Harpreet Kaur
245 _aQuality design approach on nano carrier delivery of sorafenib: Formulation & in- vitro characterization
260 _bDept. of Pharmaceutical Sciences, M D University, Rohtak
_c2024
300 _a194
650 _aPharmaceutical Sciences
650 _aNano Carrier Delivery
700 _aDureja, Harish
942 _cTH
999 _c356744
_d356744